000 00863nam a22002777a 4500
001 BR8807157
003 BR-BrBNA
005 20230928093103.0
007 ta
008 230509b bl.||||| |||| 00| 0 por d
040 _aBR-BrBNA
_bpor
_cBiblioteca Nacional de Agricultura
041 _a(Por)
072 _aN20; E13
_b/G514
090 _ N20 BR8807157
110 1 _aCompanhia Estadual de Energia Eletrica, Porto Alegre, RS (Brasil)
_92435
245 1 _aConversao diesel-economica/eletro-mecanica no estado do Rio Grande do Sul; Projeto Fronteira Oeste [projeto de irrigacao]
_bv. 1
260 3 _aPorto Alegre, RS (Brasil):
_c1979.
300 _a154 p.
650 _aEQUIPAMENTO DE IRRIGACAO
650 _aMOTOR DIESEL
650 _aMECANICA
650 _aCUSTO
650 _aRIO GRANDE DO SUL
909 _a202309
_bLucia
_c55
_dLucia Elande
942 _cBK
999 _c42920
_d42920